[Event "Leitao Academia Online op"]
[Site "Chess.com INT"]
[Date "2020.04.22"]
[Round "3"]
[White "Lourenco Cerqueira, Janderson"]
[Black "Reis, Luciano"]
[Result "1-0"]
[WhiteElo "1391"]
[BlackElo "1113"]
[PlyCount "41"]
[EventDate "2020.04.11"]
[EventType "swiss (rapid)"]
[EventRounds "6"]
[EventCountry "BRA"]
[SourceTitle "EXT 2021"]
[Source "ChessBase"]
[SourceDate "2020.10.23"]
[SourceVersion "1"]
[SourceVersionDate "2020.10.23"]
[SourceQuality "1"]

1. e4 e6 2. d4 d5 3. Nd2 Ne7 4. Bd3 Ng6 5. e5 c5 6. c3 c4 7. Bc2 Be7 8. Ne2 0-0 9. f4 f6 10. 0-0 fxe5 11. dxe5 Nc6 12. Nf3 b6 13. Nfd4 Nxd4 14. Nxd4 Rf7 15. Qg4 Qf8 16. Bxg6 hxg6 17. Qxg6 Bd7 18. Bd2 Rb8 19. Rf3 b5 20. Rh3 b4 21. Qh7# 1-0